The princess who could not be merry, (Record no. 18370)

MARC details
000 -LEADER
fixed length control field 00642cam a22002291 4500
001 - CONTROL NUMBER
control field ca 36001790
003 - CONTROL NUMBER IDENTIFIER
control field DLC
005 - DATE AND TIME OF LATEST TRANSACTION
control field 20260227111144.0
008 - FIXED-LENGTH DATA ELEMENTS--GENERAL INFORMATION
fixed length control field 890621s1932 nyu 000 0 eng
010 ## - LIBRARY OF CONGRESS CONTROL NUMBER
LC control number ca 36001790
035 ## - SYSTEM CONTROL NUMBER
System control number (OCoLC)19903403
040 ## - CATALOGING SOURCE
Original cataloging agency DLC
Transcribing agency RPB
Modifying agency DLC
042 ## - AUTHENTICATION CODE
Authentication code premarc
050 00 - LIBRARY OF CONGRESS CALL NUMBER
Classification number PN6120.C5
Item number H545
082 ## - DEWEY DECIMAL CLASSIFICATION NUMBER
Classification number 812.5
100 1# - MAIN ENTRY--PERSONAL NAME
Personal name Holbrook, Marion.
245 14 - TITLE STATEMENT
Title The princess who could not be merry,
Remainder of title a Christmas play,
Statement of responsibility, etc. by Marion Holbrook ...
260 ## - PUBLICATION, DISTRIBUTION, ETC.
Place of publication, distribution, etc. New York,
Name of publisher, distributor, etc. Fitzgerald Publishing Corporation
Date of publication, distribution, etc. [c1932]
300 ## - PHYSICAL DESCRIPTION
Extent 14 p.
Dimensions 19 cm.
490 0# - SERIES STATEMENT
Series statement Playhouse plays
650 #0 - SUBJECT ADDED ENTRY--TOPICAL TERM
Topical term or geographic name entry element Christmas plays.

No items available.

Powered by Koha